| 000 | 00000nam##2200000za#4500 |
| 001 | 9.643789 |
| 003 | CaOODSP |
| 005 | 20210624224333 |
| 007 | cr ||||||||||| |
| 008 | 150407|2014||||xxc|||||o f|0| 0 fre|d |
| 020 | |a978-0-660-22662-0 |
| 040 | |aCaOODSP|bfre |
| 043 | |an-cn--- |
| 086 | 1 |aIu4-158/2014F-PDF |
| 110 | 1 |aCanada. |bIndustrie Canada. |bDirection générale de la vérification et de l'évaluation. |
| 245 | 10|aÉvaluation du Programme de financement des petites entreprises du Canada : |h[ressource électronique]|brapport final |
| 260 | |aOttawa - Ontario : |bIndustrie Canada. |cJuin 2014. |
| 300 | |a39p.|bfigures, tableaux |
| 500 | |a« Présenté au comité ministériel d'évaluation le 18 juin 2014, approuvé par le sous-ministre le 21 août 2014. » |
| 590 | |a15-13|b2015-03-27 |
| 691 | 07|aPetite entreprise|2gcpds |
| 775 | 08|tEvaluation of the Canada Small Business Financing Program : |w(CaOODSP)9.699835 |
| 856 | 40|ahttp://publications.gc.ca|qPDF|s471 Ko|uhttps://publications.gc.ca/collections/collection_2015/ic/Iu4-158-2014-fra.pdf |